000 00881nas a2200289 4500
001 BR2015003060
003 BR-BrBNA
005 20231205125450.0
007 ta
008 230509b bl.|||p| |||| 00| 00por d
040 _aBR-BrBNA
_bpor
_cBiblioteca Nacional de Agricultura
041 _a(Pt)
072 _aN20; T10
100 1 _aPinho, M. da S.
100 1 _aSchlosser, J.F.
100 1 _aFrantz, U.G.
100 1 _aRodigues, F.A.
100 1 _aFerrer, P.S.
245 1 _aEfetividade de um coxim de cabina do trator agrícola na atenuação das vibrações
650 _aTRATOR
650 _aVIBRAÇÃO
650 _aFATORES ERGONÔMICOS
650 _aRIO GRANDE DO SUL
773 0 _tRevista Ciência Agronômica (Brazil)
_xISSN 0045-6888
_g(Jul-Sep 2014), v. 45(3) p. 461-468
_wBR2015003060
909 _a202311
_bLúcia
_c55
_dLúcia Elande
942 _2AGRIS
_n0
_cANA
999 _c244505
_d244505